Cars in Beam.ng Drive as of June 2024 - Statistics

General Stats
  • This quiz has been taken 67 times
  • The average score is 24 of 38
Answer Stats
Manufacturer Car Name % Correct
Civetta Scintilla
87%
Gavril T-Series
87%
Civetta Bolide
84%
Gavril D-Series
84%
Autobello Piccolina
82%
Ibishu Pigeon
82%
Cherrier Vivace
82%
Gavril H-Series
80%
Hirochi Sunburst
80%
ETK I-Series
78%
Ibishu Wigeon
76%
Bruckell Bastion
73%
ETK K-Series
73%
ETK 800 Series
71%
FPU Wydra
69%
Bruckell Moonhawk
67%
Burnside Special
67%
Ibishu Pessima
64%
Autobello Stambecco
64%
Ibishu Covet
60%
Gavril Grand Marshal
60%
Soliad Wendover
60%
Bruckell LeGran
58%
Ibishu 200BX
56%
Gavril Barstow
56%
Gavril Bluebuck
56%
Hirochi SBR4
56%
SP Dunekicker
53%
Cherrier Tograc
53%
Soliad Lansdale
51%
Gavril Roamer
51%
Wentward DT40L
49%
Ibishu Hopper
49%
Ibishu Miramar
42%
SP Rockbasher
42%
Hirochi Aurata
38%
Ibishu 240BX
20%
Ibishu Diana
13%
No matching quizzes found
Score Distribution
Percent of People with Each Score
Percentile by Number Answered
Your Score History
You have not taken this quiz